[Event "BEL-chT9899"]
[Site "Antwerp"]
[Date "1998.12.06"]
[Round "4"]
[White "Klip, Hans"]
[Black "Lavrenov, Yuli"]
[Result "1-0"]
[WhiteElo "2327"]
[BlackElo "2110"]

1.e4 c5 2.Nf3 Nc6 3.Bb5 g6 4.O-O Bg7 5.Re1 Nf6 6.e5 Nd5 7.Nc3 Nc7 8.Bxc6 dxc6
9.Ne4 Ne6 10.d3 O-O 11.Be3 b6 12.h3 Qc7 13.Neg5 Nxg5 14.Bxg5 Be6 15.c4 Rad8
16.Qe2 h6 17.Bf4 g5 18.Bg3 Qc8 19.Qe3 Bf5 20.Rad1 Bg6 21.h4 g4 22.Nh2 Qf5
23.d4 cxd4 24.Rxd4 Rxd4 25.Qxd4 h5 26.f3 Qd3 27.Rd1 Qxd4+ 28.Rxd4 gxf3 29.Nxf3 Bf5
30.Bf4 c5 31.Rd2 f6 32.exf6 Bxf6 33.Bg5 Bg4 34.Bxf6 exf6 35.Kf2 Kf7 36.b3 Ke7
37.Rd5 Rd8 38.Rxd8 Kxd8 39.Ke3 Ke7 40.Kf4 Ke6 41.Nd2 Kf7 42.Ne4 Kg6 43.Nc3 Bf5
44.Ne4 Bd7 45.Nd6 a6 46.Ne4 Bf5 47.Nc3 Bc2 48.Na4 Bb1 49.a3 Bc2 50.Nxb6 Bxb3
51.Ke4 Bc2+ 52.Kd5 Kf5 53.Kxc5 Kg4 54.Nd5 Kxh4 55.Nxf6 Bg6 56.Kb6 Kg3 57.Nxh5+ Bxh5
58.c5 Kxg2 59.Kxa6 Kf3 60.c6 Ke4 61.c7 Bg4 62.Kb7 Kd5 63.a4 Kc5 64.a5 Bf3+
65.Kb8 Bg4 66.a6 Kb6 67.a7  1-0

[Event "Budapest FS12 GM"]
[Site "Budapest"]
[Date "1998.12.07"]
[Round "3"]
[White "Alienkin, Aleksander"]
[Black "Csiszar, Csaba"]
[Result "1/2-1/2"]
[WhiteElo "2365"]
[BlackElo "2410"]

1.e4 c5 2.Nf3 Nc6 3.Bb5 e6 4.O-O Nge7 5.b3 a6 6.Bxc6 Nxc6 7.Bb2 b6 8.Re1 Bb7
9.Nc3 Qc7 10.d4 cxd4 11.Nxd4 Nxd4 12.Qxd4 f6 13.Rad1 Bc5 14.Qd3 Rd8 15.Na4  1/2-1/2

[Event "AUT-chT2M 9899"]
[Site "Austria"]
[Date "1998.12.12"]
[Round "4"]
[White "Hanel, Reinhard"]
[Black "Schueller, Ernst"]
[Result "1/2-1/2"]
[WhiteElo "2360"]
[BlackElo "2255"]

1.Nf3 c5 2.e4 Nc6 3.Bb5 g6 4.O-O Bg7 5.c3 Nf6 6.e5 Nd5 7.d4 cxd4 8.cxd4 O-O
9.Nc3 Nxc3 10.bxc3 d5 11.a4 Bg4 12.Ba3 Rc8 13.h3 Bf5 14.Bd3 Bxd3 15.Qxd3 Na5
16.Bb4 Nc4 17.a5 Bh6 18.Rfb1 Rc6 19.Bc5 b6 20.axb6 axb6 21.Bb4 Qd7 22.Ra2 Rfc8
23.Rba1 R6c7 24.Nh2 Qf5 25.Qe2 Bf8 26.Ng4 h5 27.Ne3 Nxe3 28.fxe3 Bh6 29.Ra8 Rxa8
30.Rxa8+ Kg7 31.Ra1 Qe4 32.Kf2 Qh4+ 33.Kg1 Qe4 34.Kf2 Qh4+ 35.Kf1 Qe4 36.Re1 Qf5+
37.Qf3 Qd7 38.Ra1 Ra7 39.Rxa7 Qxa7 40.Kf2 Qd7 41.g4 hxg4 42.hxg4 Bg5 43.e4 dxe4
44.Qxe4 e6 45.c4 Qa4 46.Qb1 Bh4+ 47.Ke3 Qc6 48.Qf1 Qa4 49.Qb1 Qc6 50.Qd3 Qg2
51.Qd1 Qb2 52.Bd2 f6 53.Ke4 fxe5 54.dxe5 Qa2 55.Kd3 b5 56.cxb5 Qd5+ 57.Kc2 Qxb5
58.Qf3 Qa4+  1/2-1/2

[Event "ROM-ch"]
[Site "Bucuresti"]
[Date "1998.12.13"]
[Round "6"]
[White "Nevednichy, Vladislav"]
[Black "Grigore, George"]
[Result "1/2-1/2"]
[WhiteElo "2545"]
[BlackElo "2475"]

1.e4 c5 2.Nf3 Nc6 3.Bb5 g6 4.Bxc6 dxc6 5.d3 Bg7 6.h3 Nf6 7.O-O Nd7 8.a4 O-O
9.Nbd2 b6 10.Qe2 Qc7 11.Re1 e5 12.a5 Ba6 13.Nc4 Rfe8 14.Ra3 Nf8  1/2-1/2

[Event "BL2-N9899"]
[Site "Germany"]
[Date "1998.12.13"]
[Round "3.2"]
[White "Joachim, Sven"]
[Black "Tomczak, Rainer"]
[Result "1-0"]
[WhiteElo "2440"]
[BlackElo "2315"]

1.e4 c5 2.Nf3 Nc6 3.Bb5 g6 4.O-O Bg7 5.Nc3 Nf6 6.e5 Ng4 7.Bxc6 bxc6 8.Re1 Qc7
9.d4 cxd4 10.Qxd4 d6 11.Bf4 O-O 12.h3 c5 13.Qe4 Bf5 14.exd6 exd6 15.Nd5 Qd7
16.Ne7+ Kh8 17.Nxf5 gxf5 18.Qd3 Nf6 19.Qxd6 Qb5 20.Rad1 Qxb2 21.Be5 Qb6 22.Qd3 Ne4
23.Bxg7+ Kxg7 24.Nh4 Qf6 25.Nxf5+ Qxf5 26.Rxe4 Rad8 27.Qc3+ f6 28.Re7+ Kh8
29.Rb1 Rg8 30.Rxa7 Rd4 31.Rbb7 Rh4 32.Qg3 Qg5 33.Qxg5 fxg5 34.Rc7 g4 35.hxg4 Rgxg4
36.Ra8+ Rg8 37.Rxg8+ Kxg8 38.Rxc5 Ra4 39.Rc7 Rxa2 40.c4 Rc2 41.f3 Kh8 42.Kh2  1-0

[Event "BL2-O9899"]
[Site "Germany"]
[Date "1998.12.13"]
[Round "3.7"]
[White "Pfretzschner, Roland"]
[Black "Tran, Phat"]
[Result "0-1"]
[WhiteElo "2285"]
[BlackElo "2265"]

1.e4 c5 2.Nf3 Nc6 3.Bb5 g6 4.O-O Bg7 5.Qe2 Nf6 6.e5 Ng4 7.Bxc6 bxc6 8.h3 Nh6
9.Nc3 O-O 10.d4 cxd4 11.Nxd4 Qb6 12.Qe4 Kh8 13.Nb3 Nf5 14.Na4 Qb5 15.g4 Nh4
16.Bf4 f5 17.exf6 Rxf6 18.Nc3 Qb6 19.Be3 Qc7 20.f4 Re6 21.Qd3 Ba6 22.Qd2 Bxf1
23.Rxf1 Qd6 24.Qf2 g5 25.Rd1 Qb4 26.a3 Qc4 27.f5 Rd6 28.Rxd6 exd6 29.Bxg5 Nxf5
30.gxf5 Rg8 31.f6 Bh6 32.h4 Bxg5 33.f7 Be3+ 34.fxg8=Q+ Qxg8+  0-1

[Event "Skopje op"]
[Site "Skopje"]
[Date "1998.12.14"]
[Round "3"]
[White "Drazic, Sinisa"]
[Black "Andonovski, Ljubisa"]
[Result "1-0"]
[WhiteElo "2495"]
[BlackElo "2390"]

1.e4 c5 2.Nf3 Nc6 3.Bb5 g6 4.O-O Bg7 5.Re1 Nf6 6.Nc3 O-O 7.e5 Ng4 8.Bxc6 dxc6
9.h3 Nh6 10.d3 Nf5 11.Ne4 b6 12.Bf4 Be6 13.c3 Bh6 14.Qd2 Bxf4 15.Qxf4 Kg7
16.g4 Nh6 17.Re3 Qd7 18.Rae1 Ng8 19.c4 Rae8 20.b3 Qd8 21.Kh2 Qd7 22.R1e2 a5
23.Neg5 h6 24.Nxe6+ fxe6 25.Qg3 g5 26.h4 Rf4 27.Kg2 Ref8 28.h5 b5 29.Ng1 Rd4
30.Nh3 Rd8 31.Rc2 a4 32.Ng1 axb3 33.axb3 Rxd3 34.Ne2 Rd1 35.Qf3 Rf8 36.Qe4 b4
37.Ra2 Kh8 38.Rc2 Rd4 39.Nxd4 Rf4 40.Qxc6 Rxg4+ 41.Rg3 Qxd4 42.Qf3 Rh4 43.Ra2 Qxe5
44.Ra8 Rf4 45.Qd3 Qf5 46.Qxf5 exf5 47.Re3 Kg7 48.Rc8 Rg4+ 49.Kf1 f4 50.Rh3 f3
51.Rxf3 Nf6 52.Rxc5 Nxh5 53.Re5 Nf4 54.Rxe7+ Kg6 55.c5 Rh4 56.Rg3 Kf6 57.Re4 Nh5
58.Rxh4 Nxg3+ 59.fxg3 gxh4 60.gxh4 Ke7  1-0

[Event "Oxford GM-B"]
[Site "Oxford"]
[Date "1998.12.16"]
[Round "3"]
[White "Burnett, Ronald"]
[Black "Hermansson, Emil"]
[Result "1-0"]
[WhiteElo "2395"]
[BlackElo "2340"]

1.e4 c5 2.Nf3 Nc6 3.Bb5 g6 4.O-O Bg7 5.c3 Nf6 6.Re1 O-O 7.d4 cxd4 8.cxd4 d5
9.e5 Ne4 10.Nc3 Bg4 11.Nxe4 dxe4 12.Bxc6 bxc6 13.Rxe4 Be6 14.b3 a5 15.Ba3 Qd7
16.Bc5 Ra6 17.Re3 Rfa8 18.Nd2 a4 19.b4 Bd5 20.a3 Re8 21.Qe2 Raa8 22.Nc4 Bxc4
23.Qxc4 e6 24.h4 Red8 25.h5 Qd5 26.Qe2 Rd7 27.Rb1 Rb7 28.Rb2 Rb5 29.Rc2 Rd8
30.Rec3 Rd7 31.Bd6 Rb6 32.Rc5 Qxd4 33.Rxc6 Rxc6 34.Rxc6 f6 35.b5 fxe5 36.Rc8+ Kf7
37.Qf3+ Qf4 38.Qc6 Ra7 39.b6 Qd2 40.Qf3+  1-0

[Event "Oxford GM-B"]
[Site "Oxford"]
[Date "1998.12.18"]
[Round "5"]
[White "Burnett, Ronald"]
[Black "Ansell, Simon"]
[Result "0-1"]
[WhiteElo "2395"]
[BlackElo "2380"]

1.e4 c5 2.Nf3 Nc6 3.Bb5 e6 4.O-O Nge7 5.c3 d5 6.e5 Bd7 7.Bxc6 Nxc6 8.d4 Qb6
9.dxc5 Bxc5 10.Nbd2 O-O 11.Nb3 Be7 12.Be3 Qc7 13.Bc5 f6 14.Bxe7 Nxe7 15.Re1 Ng6
16.Qd4 Rac8 17.Rad1 a5 18.Nbd2 Rf7 19.exf6 gxf6 20.c4 e5 21.Qxd5 Bc6 22.Qc5 Bxf3
23.Qxc7 Rfxc7 24.gxf3 f5 25.b3 Rd8 26.Nb1 Rcd7 27.Rxd7 Rxd7 28.Kf1 Rd3 29.Re3 Rd1+
30.Re1 Rd3 31.Rc1 Nf4 32.c5 Rxf3 33.Nd2 Rh3 34.Kg1 Rd3 35.Rc2 e4 36.h4 Ng6
37.h5 Nf4 38.h6 Ne2+ 39.Kf1 Nd4 40.Rb2 Rh3 41.Nc4 f4 42.Kg2 Rxh6 43.Rd2 Rg6+
44.Kh3 Nf3 45.Rd8+ Kg7 46.Nd6 Ng5+ 47.Kh4 e3 48.Nf5+ Kf6 49.Rf8+ Ke5 50.fxe3 Nf3+
51.Kh3 Ng1+ 52.Kh2 Nf3+ 53.Kh3 Ng5+ 54.Kh4 Ne6 55.Rf7 h5 56.Kxh5 Rg5+ 57.Kh6 Rxf5
58.exf4+ Rxf4 59.Rxb7 Kf6 60.Kh7 Rh4+ 61.Kg8 Rg4+ 62.Kh8 Rg7 63.Rb8 Rc7 64.a3 Rxc5
65.b4 Rh5+ 66.Kg8 Rg5+ 67.Kh8 a4 68.Ra8 Rb5 69.Ra6 Rb7 70.Kg8 Rg7+ 71.Kh8 Re7
72.Kg8 Kg6 73.Ra8 Nc7  0-1

[Event "Skopje op"]
[Site "Skopje"]
[Date "1998.12.18"]
[Round "7"]
[White "Organdziev, Oliver"]
[Black "Nikolin, Zorica"]
[Result "1/2-1/2"]
[WhiteElo "2310"]
[BlackElo "2230"]

1.e4 c5 2.Nf3 Nc6 3.Bb5 g6 4.O-O Bg7 5.Nc3 e5 6.Bxc6 dxc6 7.d3 Qe7 8.a3 Nf6
9.b4 Nd7 10.b5 Nf8 11.h3 Ne6 12.a4 O-O 13.Ne2  1/2-1/2

[Event "Gudmundur Arason op 4th"]
[Site "Hafnarfjordur"]
[Date "1998.12.19"]
[Round "6"]
[White "Vidarsson, Jon G"]
[Black "Asgeirsson, Heimir"]
[Result "1-0"]
[WhiteElo "2375"]
[BlackElo "2115"]

1.e4 c5 2.Nf3 Nc6 3.Bb5 e6 4.Bxc6 dxc6 5.d3 Qc7 6.O-O Bd6 7.Nbd2 Ne7 8.Nc4 e5
9.Bd2 f6 10.a3 Be6 11.Ne3 h5 12.b4 h4 13.c3 Qd7 14.Qe2 O-O-O 15.Nc4 Bc7 16.Nb2 g5
17.bxc5 Ng6 18.Rfb1 Bg4 19.d4 Nf4 20.Bxf4 gxf4 21.dxe5 fxe5 22.Rd1 Qe7 23.Rxd8+ Rxd8
24.h3 Bh5 25.Nd3 Ba5 26.Rc1 Qe6 27.Kh2 Qb3 28.Ndxe5 Bxc3 29.Qc4 Qxc4 30.Nxc4 Bf6
31.Nd6+ Kc7 32.e5 Be7 33.Nd4 Rg8 34.Ne6+ Kd7 35.Nxf4 Bg5 36.Nxh5  1-0

[Event "Oxford GM-B"]
[Site "Oxford"]
[Date "1998.12.20"]
[Round "6"]
[White "Ansell, Simon"]
[Black "Wall, Tim"]
[Result "0-1"]
[WhiteElo "2380"]
[BlackElo "2370"]

1.e4 c5 2.Nf3 Nc6 3.Bb5 d6 4.O-O Bd7 5.Re1 a6 6.Bf1 Bg4 7.c3 g6 8.d4 cxd4
9.cxd4 Bxf3 10.gxf3 Bg7 11.Be3 e5 12.d5 Nd4 13.Nd2 Nf6 14.f4 O-O 15.fxe5 dxe5
16.f4 Nd7 17.fxe5 Bxe5 18.Nc4 Nb5 19.Nxe5 Nxe5 20.a4 Nd6 21.Bg2 Qh4 22.Bf2 Qg5
23.Ra3 Rac8 24.Rg3 Qd8 25.Bd4 Re8 26.Qd2 Qh4 27.b3 f5 28.Qb2 Nd3 29.Qa3 Nxe4
30.Bxe4 Rc2 31.Qd6 Qxh2+ 32.Kf1 Rf2+  0-1

[Event "Gudmundur Arason op 4th"]
[Site "Hafnarfjordur"]
[Date "1998.12.21"]
[Round "8"]
[White "Vidarsson, Jon G"]
[Black "Karason, Askell O"]
[Result "1-0"]
[WhiteElo "2375"]
[BlackElo "2270"]

1.e4 c5 2.Nf3 Nc6 3.Bb5 e6 4.Bxc6 bxc6 5.O-O Ne7 6.Re1 Ng6 7.d3 Be7 8.Nbd2 O-O
9.Nc4 d6 10.e5 d5 11.Ncd2 Ba6 12.b3 c4 13.dxc4 dxc4 14.Nxc4 Bxc4 15.bxc4 Qa5
16.Qe2 Rfd8 17.Bg5 Bxg5 18.Nxg5 Rd2 19.Qe4 Qc5 20.Qf3 Rd7 21.Qh3 Qxc4 22.Qxh7+ Kf8
23.Qh5 Qxc2 24.Nf3 Kg8 25.h4 Rb8 26.Qg4 Rb2 27.Rf1 c5 28.Rac1 Qf5 29.Qxf5 exf5
30.Rxc5 Rxa2 31.Rc8+ Nf8 32.Rb1 f4 33.Rbb8 Rd1+ 34.Kh2 Rf1 35.Ng5 g6 36.Rxf8+  1-0

[Event "Cairnhill op"]
[Site "Singapore"]
[Date "1998.12.24"]
[Round "7"]
[White "Rogers, Ian"]
[Black "Tu Hoang Thong"]
[Result "1-0"]
[WhiteElo "2605"]
[BlackElo "2480"]

1.e4 c5 2.Nf3 Nc6 3.Bb5 e5 4.c3 Qb6 5.Na3 Nf6 6.O-O Be7 7.Re1 d6 8.d4 cxd4
9.cxd4 O-O 10.Bxc6 bxc6 11.dxe5 Ng4 12.Be3 Nxe3 13.Rxe3 dxe5 14.Nc4 Qb5 15.Ncxe5 Be6
16.Qe2 Rac8 17.Qxb5 cxb5 18.Nd4 Bc5 19.Nxe6 fxe6 20.Re2 Bd4 21.Nf3 Bb6 22.Rd1 Rc7
23.h3 h6 24.a3 Rfc8 25.g3 Ba5 26.Kg2 Rc2 27.Rxc2 Rxc2 28.b4 Bb6 29.Rd2 Rc3
30.Ra2 Kf7 31.h4 Ke7 32.Ng1 Rc4 33.Kf3 Kf6 34.Ne2 Ke5 35.Rd2 g5 36.h5 Rxe4
37.Nc3 Rc4 38.Nxb5 Rc6 39.a4 a6 40.a5 axb5 41.axb6 Rxb6 42.Rd7 Rc6 43.Rb7 Rc3+
44.Kg2 Kf5 45.Rxb5+ Kg4 46.Rb6 Kxh5 47.Rxe6 Rb3 48.Rb6 Kg4 49.Rxh6 Rxb4 50.f3+ Kf5
51.g4+ Ke5 52.Rg6 Kf4 53.Rf6+ Ke3 54.Rf5 Rf4 55.Re5+  1-0

[Event "Groningen op"]
[Site "Groningen"]
[Date "1998.12.26"]
[Round "6"]
[White "Visser, Yge"]
[Black "Baum, Bernd"]
[Result "1/2-1/2"]
[WhiteElo "2370"]
[BlackElo "2245"]

1.e4 c5 2.Nf3 Nc6 3.Bb5 Qb6 4.Nc3 e6 5.O-O Nge7 6.Re1 Nd4 7.Bf1 Ng6 8.a3 Be7
9.Rb1 O-O 10.b4 Nxf3+ 11.Qxf3 cxb4 12.axb4 d6 13.Na4 Qc7 14.c4 f5 15.Nc3 Bd7
16.Qd1 fxe4 17.Nxe4 Rf7 18.d4 Raf8 19.Rb2 e5 20.d5 Nf4 21.c5 Kh8 22.Rc2 Ba4
23.g3 Bxc2 24.Qxc2 Ng6 25.Be3 Rd8 26.Qa2 Rff8 27.Rc1 Qd7 28.cxd6 Bxd6 29.Nxd6 Qxd6
30.Bc5 Qc7 31.Rd1 Rf6 32.Qxa7 Qd7 33.Qa5 Rb8 34.d6 b6 35.Bxb6 Rxd6 36.Rxd6 Qxd6
37.Bc5 Qc6 38.Qa6 Qd5 39.Qd6 Qa8 40.b5 Rd8 41.Qc6 Nf8 42.Qxa8 Rxa8 43.Bd6 Nd7
44.Bh3 Nb6 45.Bxe5 Re8 46.Bd4 Re1+ 47.Bf1 Nc4 48.Kg2 Re4 49.Bc3 Nb6 50.Bd3 Ra4
51.Be5 Ra3 52.Be2 Rb3 53.g4 Na4 54.h3 Nc3 55.Bc4 Rb4 56.Bxc3 Rxc4 57.Bd2 Kg8
58.b6 Rc2 59.Be3 Kf7 60.Kf3 Rb2 61.Ke4 Ke6 62.f4 Rb4+ 63.Bd4 g6 64.f5+ gxf5+
65.gxf5+ Kd6 66.f6 Rb5 67.h4 Ke6 68.Kd3 Kd6 69.Kc4 Rf5 70.b7 Kc7 71.Kd3 Kxb7
72.Ke4 Rf1 73.Kd5 Kc8 74.Ke6 Re1+ 75.Kf7 Kd7 76.Kg7 Re4 77.f7 Rg4+ 78.Kf6 Rf4+
79.Kg7 Rg4+  1/2-1/2

[Event "Stavanger op 9899"]
[Site "Stavanger"]
[Date "1998.12.27"]
[Round "3"]
[White "Gullaksen, Eirik T"]
[Black "Kristensen, Bjarke"]
[Result "1/2-1/2"]
[WhiteElo "2360"]
[BlackElo "2425"]

1.e4 c5 2.Nf3 Nc6 3.Bb5 Qc7 4.O-O e6 5.Re1 Nf6 6.c4 Ne5 7.Nxe5 Qxe5 8.d3 h5
9.Nd2 Ng4 10.Nf3 Qc7 11.h3 Ne5 12.Ng5 a6 13.Ba4 b5 14.cxb5 axb5 15.Bxb5 Be7
16.Be3 Ba6 17.Bxa6 Rxa6 18.Qe2 Rc6 19.Rec1 O-O 20.Rc3 g6 21.Rac1 f5 22.exf5 Bxg5
23.Bxg5 Rxf5 24.Be3 Qa7 25.b4 Qa6 26.bxc5 Rc8 27.R1c2 Nc6 28.d4 Qa8 29.Rb3 Rcf8
30.Rcb2 Qd8 31.Rb7 R8f7 32.Qd3 Kh7 33.Qe4 Rd5 34.h4 Qf6 35.Rd2 Qf5 36.f3 Qf6
37.a4 Na5 38.Rb4 Nc6 39.Rb5 Rf8 40.Rb7 Ra8 41.Bg5 Qg7 42.Qc2 Rf8 43.Be3 Ra8
44.Qd1 Qf6 45.Bg5 Qf5 46.Kh1 Kg8 47.Kg1  1/2-1/2

[Event "Ambassador op"]
[Site "Bern"]
[Date "1998.12.28"]
[Round "4"]
[White "Velicka, Petr"]
[Black "Brendel, Oliver"]
[Result "1-0"]
[WhiteElo "2465"]
[BlackElo "2410"]

1.e4 c5 2.Nf3 Nc6 3.Bb5 Nf6 4.Bxc6 dxc6 5.d3 Bg4 6.Nbd2 g6 7.h3 Bxf3 8.Nxf3 Bg7
9.Be3 b6 10.Qd2 O-O 11.Bh6 Qd7 12.O-O-O Ne8 13.Kb1 f6 14.Nh2 e5 15.Ng4 Bxh6
16.Nxh6+ Kh8 17.f4 exf4 18.Qxf4 Qg7 19.h4 Rd8 20.g4 Nd6 21.g5 c4 22.Rhf1 fxg5
23.Qxg5 c3 24.e5 Nb5 25.Nf7+ Rxf7 26.Qxd8+ Qg8 27.Qxg8+ Kxg8 28.a4 Nd4 29.Rxf7 Kxf7
30.bxc3 Nf5 31.Rh1 c5 32.d4 Ke6 33.Rd1 h5 34.Kb2 c4 35.Ka3 Kd5 36.Re1 a5
37.e6 Kd6 38.Re4 Ne7 39.Kb2 Nd5 40.Re5  1-0

[Event "Ambassador op"]
[Site "Bern"]
[Date "1998.12.29"]
[Round "5"]
[White "Vianin, Pascal"]
[Black "Horvath, Peter"]
[Result "0-1"]
[WhiteElo "2190"]
[BlackElo "2425"]

1.e4 c5 2.Nf3 Nc6 3.Bb5 g6 4.O-O Bg7 5.c3 Nf6 6.Re1 O-O 7.e5 Nd5 8.d4 cxd4
9.cxd4 d6 10.Qb3 Nc7 11.Bxc6 bxc6 12.Bf4 Bg4 13.Nbd2 Rb8 14.Qa4 Ne6 15.Be3 Rxb2
16.Qxa7 c5 17.Rab1 Rxb1 18.Rxb1 cxd4 19.Nxd4 Nxd4 20.Bxd4 dxe5 21.Be3 Qd5
22.Rb7 Bf6 23.h3 Be6 24.a4 Kg7 25.a5 Rc8 26.Nf1 Rc4 27.Qa8 Ra4 28.Rb8 Qxa8
29.Rxa8 Ra1 30.a6 Bc4 31.a7 Bxf1 32.Kh2 Bd3 33.Rc8 Be4 34.f3 Bd5 35.Rd8 e6
36.Bc5 Bxd8  0-1

[Event "Ambassador op"]
[Site "Bern"]
[Date "1998.12.29"]
[Round "5"]
[White "Oral, Tomas"]
[Black "Berset, Philippe"]
[Result "1/2-1/2"]
[WhiteElo "2510"]
[BlackElo "2185"]

1.e4 c5 2.Nf3 Nc6 3.Bb5 e6 4.Bxc6 bxc6 5.d3 Ne7 6.Nh4 Ng6 7.Nxg6 hxg6 8.e5 Qh4
9.Na3 Rb8 10.Qe2 Ba6 11.h3 Be7 12.O-O f6 13.Nc4 Bxc4 14.dxc4 Qh5 15.Re1 Qxe2
16.Rxe2 Rh4 17.f4 fxe5 18.fxe5 Rxc4 19.b3 Rh4 20.Bd2 Rh5 21.Re4 Bd8 22.Rae1 c4
23.Rxc4 Rb5 24.Rce4 Bh4 25.R1e2 Bg3 26.R2e3 Rd5 27.Rxg3 Rxd2 28.Rxg6 Kf7
29.Rg3 Rxc2 30.Rd4 Rxe5 31.Rxd7+ Kf6 32.Rgxg7 Re1+ 33.Kh2 Rxa2 34.Rxa7 Rxa7
35.Rxa7 Rb1 36.Rb7 c5 37.Rb5 Rc1 38.Kg3 e5 39.Kg4 Rc2 40.Rb6+ Ke7 41.g3 Rb2
42.h4 c4 43.Rb5 c3 44.Rxe5+ Kd6 45.Re1 Rxb3 46.h5 Rb8 47.Kg5 c2 48.Rc1 Rg8+
49.Kh4 Rc8 50.g4 Ke6 51.Kg5 Rg8+ 52.Kh4 Rc8 53.h6 Kf6 54.g5+ Kg6 55.Kg4 Rc4+
56.Kg3  1/2-1/2

[Event "Groningen op"]
[Site "Groningen"]
[Date "1998.12.29"]
[Round "9"]
[White "Van den Doel, Erik"]
[Black "Hausrath, Daniel"]
[Result "1-0"]
[WhiteElo "2480"]
[BlackElo "2385"]

1.e4 c5 2.Nf3 Nc6 3.Bb5 g6 4.Bxc6 dxc6 5.d3 Bg7 6.h3 Nf6 7.Nc3 O-O 8.Be3 b6
9.Qd2 e5 10.Bh6 Qd6 11.g4 Be6 12.Bxg7 Kxg7 13.O-O-O b5 14.Kb1 a5 15.Qe3 a4
16.Ne2 b4 17.Nd2 Rfb8 18.f4 exf4 19.Qxf4 Qe7 20.Qg5 h6 21.Qh4 Bxa2+ 22.Kxa2 b3+
23.Kb1 bxc2+ 24.Kxc2 Qb7 25.Rb1 c4 26.dxc4 Rd8 27.Rhd1 Nxe4 28.Nc3 Rxd2+
29.Rxd2 Qb3+ 30.Kc1 Nxd2 31.Kxd2 g5 32.Qg3 Rd8+ 33.Ke1 Re8+ 34.Kf1 Qxc4+
35.Kg2 a3 36.bxa3 Rd8 37.Qe5+ Kg8 38.Rb8 Rxb8 39.Qxb8+ Kh7 40.Qe5 Qb3 41.a4 Qc2+
42.Kf3 Qd3+ 43.Qe3 Qf1+ 44.Kg3 Qa1 45.Kf2  1-0

[Event "Ambassador op"]
[Site "Bern"]
[Date "1998.12.30"]
[Round "7"]
[White "Vianin, Pascal"]
[Black "Varga, Peter"]
[Result "0-1"]
[WhiteElo "2190"]
[BlackElo "2445"]

1.e4 c5 2.Nf3 Nc6 3.Bb5 e6 4.O-O Nge7 5.Re1 a6 6.Bf1 d5 7.exd5 Nxd5 8.d4 Be7
9.dxc5 Bxc5 10.c4 Nf6 11.Qxd8+ Kxd8 12.Nc3 Bd7 13.a3 Nd4 14.Nxd4 Bxd4 15.Be3 Bxc3
16.bxc3 Bc6 17.g3 Nd7 18.Bg2 Re8 19.Bxc6 bxc6 20.a4 a5 21.Red1 Kc7 22.Rd2 Rab8
23.Rad1 Re7 24.Kg2 Rb3 25.f4 Rxc3 26.Bd4 Rxc4 27.Bxg7 f6 28.Bh6 Rxa4 29.f5 exf5
30.Bf4+ Ne5 31.Rd6 Rxf4 32.gxf4 Nc4 33.R6d3 Ne3+ 34.Rxe3 Rxe3 35.Ra1 Kb6
36.Rb1+ Ka6 37.Kf2 Re4 38.Kf3 a4  0-1

[Event "Ambassador op"]
[Site "Bern"]
[Date "1998.12.30"]
[Round "7"]
[White "Oral, Tomas"]
[Black "Wirthensohn, Heinz"]
[Result "1-0"]
[WhiteElo "2510"]
[BlackElo "2390"]

1.e4 c5 2.Nf3 Nc6 3.Bb5 g6 4.O-O Bg7 5.c3 Nf6 6.Re1 O-O 7.d4 d5 8.e5 Ne4
9.Bxc6 bxc6 10.Nbd2 Bf5 11.Nf1 cxd4 12.cxd4 f6 13.Ng3 fxe5 14.Nxe4 Bxe4 15.Nxe5 Bxe5
16.dxe5 Qb6 17.Be3 Qxb2 18.e6 Qc2 19.Qg4 Qb2 20.Qh4 Qf6 21.Bg5 Qf5 22.f3 Bc2
23.Bxe7 Rfe8 24.Bf6 Rxe6 25.Rxe6 Qxe6 26.Re1 Qf5 27.Re7 h5 28.Rg7+ Kf8 29.Qb4+  1-0

[Event "Hastings Challengers"]
[Site "Hastings"]
[Date "1998.12.31"]
[Round "3"]
[White "Cherniaev, Alexander"]
[Black "Wall, Tim"]
[Result "1/2-1/2"]
[WhiteElo "2415"]
[BlackElo "2370"]

1.e4 c5 2.Nf3 Nc6 3.Bb5 d6 4.O-O Bd7 5.Re1 a6 6.Bf1 Bg4 7.c3 g6 8.d3 Bg7
9.Nbd2 e5 10.h3 Be6 11.a3 Nge7 12.b4 O-O 13.Rb1 b6 14.Bb2 h6 15.d4 exd4 16.cxd4 cxd4
17.Nb3 Bxb3 18.Qxb3 b5 19.Rbd1 Qb6 20.Rd2 Rad8 21.Qd1 Ne5 22.Nxd4 Nc4 23.Bxc4 bxc4
24.Qc2 Rc8 25.Bc3 d5 26.Nf3 Rfd8 27.Bxg7 Kxg7 28.Qc3+ Kg8 29.Rd4 dxe4 30.Rdxe4 Nd5
31.Qc1 c3 32.Qxh6 c2 33.Rh4 Qf6 34.Rc1 Ne7 35.Qh7+ Kf8 36.Qh6+ Kg8 37.Qh7+ Kf8
38.Qh6+ Kg8  1/2-1/2

[Event "Faro op"]
[Site "Algarve"]
[Date "1998.??.??"]
[Round "6"]
[White "Rigo, Janos"]
[Black "Vitor, Antonio"]
[Result "1-0"]
[WhiteElo "2325"]
[BlackElo "2290"]

1.e4 c5 2.Nf3 Nc6 3.Bb5 e6 4.O-O Nge7 5.d3 a6 6.Ba4 b5 7.Bb3 Na5 8.c3 Nxb3
9.Qxb3 d6 10.a4 Bd7 11.axb5 axb5 12.Rxa8 Qxa8 13.Na3 Qa6 14.Be3 Nc8 15.Ra1 Be7
16.Nc2 Qb7 17.Qa2 Bc6 18.Nd2 Qd7 19.b4 Nb6 20.Qa7 Na4 21.Qb8+ Qd8 22.Qxd8+ Kxd8
23.c4 Kc7 24.d4 bxc4 25.Nxc4 Ra8 26.f3 f6 27.bxc5 dxc5 28.Bf4+ Kb7 29.Nd6+ Bxd6
30.Bxd6 cxd4 31.Nxd4 Bd7 32.Rb1+ Kc8 33.Bf8 g6 34.Be7 f5 35.e5 Rb8 36.Rc1+ Kb7
37.Kf2 Nb6 38.Rb1 Rc8 39.Nb3 Rc2+ 40.Kg3 Kc8 41.Nc5 Nd5 42.Bd6 f4+ 43.Kh3 Nc7
44.Ne4 Bc6 45.Nf6 h6 46.Ng8 Nb5 47.Ne7+ Kd7 48.Nxg6 Nxd6 49.Rd1 Bd5 50.exd6 Kxd6
51.Nxf4 Rc5 52.Kg3 Rc4 53.h4  1-0

[Event "UKR-chT"]
[Site "Alushta"]
[Date "1998.??.??"]
[Round "?"]
[White "Kuzmin, Gennadi P"]
[Black "Eremeev, Denis"]
[Result "1-0"]
[WhiteElo "2580"]
[BlackElo "2300"]

1.e4 c5 2.Nf3 Nc6 3.Bb5 e6 4.O-O Nge7 5.b3 Nd4 6.Nxd4 cxd4 7.Bb2 a6 8.Be2 Nc6
9.c3 Bc5 10.b4 Ba7 11.a4 dxc3 12.dxc3 O-O 13.Nd2 d5 14.b5 Ne5 15.c4 Nxc4
16.Bxc4 dxc4 17.Nxc4 Qh4 18.Ba3 Rd8 19.b6 Rxd1 20.Raxd1 Bb8 21.g3 Qf6 22.e5 Bxe5
23.Nxe5 h5 24.Rfe1 a5 25.Rd4 g5 26.Rd3 g4 27.h4 gxh3 28.Rf3 Qg7 29.Rd3 f6
30.Rd8+ Kh7 31.Nf3 Qg4 32.Nh4 Qxa4 33.Rc1 Bd7 34.Rxa8 Qxa3 35.Rc7 Qa1+ 36.Kh2 Qd4
37.Rd8 Qxf2+ 38.Kxh3 Qf1+ 39.Kh2 Qf2+ 40.Ng2 Qxb6 41.Rdxd7+ Kg6 42.Nh4+  1-0

[Event "UKR-chT"]
[Site "Alushta"]
[Date "1998.??.??"]
[Round "?"]
[White "Korovashkin, Maxim"]
[Black "Davidovic, Aleksandar"]
[Result "1/2-1/2"]
[WhiteElo "2275"]
[BlackElo "2410"]

1.e4 c5 2.Nf3 Nc6 3.Bb5 e6 4.O-O Nge7 5.Re1 Ng6 6.d4 cxd4 7.Nxd4 Be7 8.Nc3 O-O
9.Be3 Qc7 10.Bf1 a6 11.g3 b5 12.Bg2 Bb7 13.Nxc6 dxc6 14.f4 c5 15.Qe2 Rfd8
16.a3 Rac8 17.Nd1 Nf8 18.Nf2 Nd7 19.Red1 Bf6 20.e5 Bxg2 21.Kxg2 Be7 22.Qf3 Nb6
23.Rxd8+ Rxd8 24.Rd1 Nd5 25.c3 Qc6 26.Kg1 Rc8 27.Ne4 a5 28.g4 Nc7 29.Kf2 c4
30.f5 Bf8 31.fxe6 fxe6 32.Ng5 Bc5 33.Nxe6 Bxe3+ 34.Kxe3 Qb6+  1/2-1/2

[Event "UKR-chT"]
[Site "Alushta"]
[Date "1998.??.??"]
[Round "?"]
[White "Solodovnichenko, Yuri"]
[Black "Moiseenko, Alexander"]
[Result "1-0"]
[WhiteElo "2385"]
[BlackElo "2435"]

1.e4 c5 2.Nf3 Nc6 3.Bb5 g6 4.Bxc6 dxc6 5.d3 Bg7 6.Nc3 Nf6 7.Be3 b6 8.h3 O-O
9.Qd2 Re8 10.O-O-O a5 11.Nh2 a4 12.f4 a3 13.b3 Qc7 14.Nf3 Ba6 15.f5 Nd7 16.Ne2 b5
17.Bf4 Qb7 18.e5 Nf8 19.h4 c4 20.h5 cxd3 21.hxg6 dxe2 22.gxf7+ Kxf7 23.Qxe2 Kg8
24.Ng5 Qb6 25.Qh5 Qf2 26.g3 Rad8 27.Qf7+ Kh8 28.Rxh7+ Nxh7 29.Rh1 Rd1+ 30.Kxd1 Qd4+
31.Ke2 b4+ 32.Kf3 Qd5+ 33.Qxd5 cxd5 34.Nxh7 Kg8 35.f6 exf6 36.exf6 d4 37.Rh5 Bb7+
38.Kf2 Bh8 39.Be5 Kf7 40.Rh6 Ke6 41.f7+ Kxe5 42.f8=Q Rxf8+ 43.Nxf8 Bg7 44.Rh7 Kf6
45.Ne6 Kxe6 46.Rxg7 Be4 47.Rc7 Kd6 48.Rc4 Kd5 49.Ke2  1-0

[Event "Lost Boys op"]
[Site "Antwerp"]
[Date "1998.??.??"]
[Round "2"]
[White "Skripchenko, Almira"]
[Black "Van Wely, Loek"]
[Result "0-1"]
[WhiteElo "2400"]
[BlackElo "2605"]

1.e4 c5 2.Nf3 Nc6 3.Bb5 e6 4.O-O Nge7 5.b3 a6 6.Bxc6 Nxc6 7.Bb2 b5 8.d4 cxd4
9.Nxd4 Bb7 10.Re1 Qf6 11.c3 Bc5 12.Qd2 O-O 13.a4 Ne5 14.axb5 Qg6 15.Qe2 f5
16.f4 fxe4 17.bxa6 Nf3+ 18.Kh1 Nxe1 19.axb7 Rxa1 20.Bxa1 Nd3 21.Nd2 Bxd4
22.cxd4 d5  0-1

[Event "BEL-chT 9798"]
[Site "Antwerp"]
[Date "1998.??.??"]
[Round "10"]
[White "Beeckmans, Felix"]
[Black "Goossens, Etienne"]
[Result "1-0"]
[WhiteElo "2230"]
[BlackElo "2130"]

1.e4 c5 2.Nf3 Nc6 3.Bb5 g6 4.Bxc6 dxc6 5.d3 Bg7 6.h3 e5 7.a4 a5 8.O-O b6
9.Na3 Ra7 10.Nc4 f6 11.Be3 Nh6 12.b4 axb4 13.a5 bxa5 14.Bxc5 Ra6 15.Rxa5 Rxa5
16.Bb6 Qe7 17.Nxa5 Be6 18.Qd2 O-O 19.Be3 Qc7 20.Qxb4 Rb8 21.Qc3 Nf7 22.Ra1 Nd8
23.Nc4 Bf8 24.Qa5 Qf7 25.Nfd2 g5 26.Qa7 Rb7 27.Qa8 Be7 28.Ra7 Rxa7 29.Bxa7 Kg7
30.Bb6 Bxc4 31.Nxc4 Ne6 32.Qxc6 Nf4 33.Ne3 Qa2 34.Nf5+ Kg6 35.Qe8+  1-0

[Event "BEL-chT 9798"]
[Site "Antwerp"]
[Date "1998.??.??"]
[Round "11"]
[White "Cools, Gorik"]
[Black "Hausrath, Daniel"]
[Result "1/2-1/2"]
[WhiteElo "2295"]
[BlackElo "2400"]

1.e4 c5 2.Nf3 Nc6 3.Bb5 g6 4.O-O Bg7 5.c3 e5 6.Na3 Nge7 7.d4 cxd4 8.cxd4 exd4
9.Bf4 d5 10.exd5 Qxd5 11.Bc4 Qf5 12.Qd2 a6 13.Bh6 O-O 14.Bxg7 Kxg7 15.Nxd4 Qf6
16.Nxc6  1/2-1/2